00858cam a2200253 a 450000100090000000300040000900500170001300800410003001000170007102000150008804000180010304300120012105000220013308200240015510000250017924501440020424600400034825000120038826000390040030000290043950400660046865000380053470000320057212195930OSt20230704091425.0001005s2000 enk b 001 0 eng  a 00421333  a185431887X aDLCcDLCdDLC ae-uk---00aKD3372b.B35 200000a344.41/046221bBEL1 aBell, Stuart,d1965-10aBall & Bell on environmental law :bthe law and policy relating to the protection of the environment /cStuart Bell and Donald McGillivray.3 aBall and Bell on enivironmental law a6th ed. aLondon :bBlackstone Press,c2000. axlviii, 726 p. ;c23 cm. aIncludes bibliographical references (p. [680]-697) and index. 0aEnvironmental lawzGreat Britain.1 aMcGillivray, Donald,d1967-